Warszawa dzielnice - Statystyki

Ogólne statystyki
  • Ten quiz został rozwiązany 433 razy
  • Średni wynik to 13 z 18
Statystyki odpowiedzi
miasto dzielnica % Poprawnych
Warszawa Praga Północ
93%
Warszawa Praga Południe
92%
Warszawa Śródmieście
90%
Warszawa Mokotów
84%
Warszawa Ursynów
78%
Warszawa Włochy
77%
Warszawa Wilanów
76%
Warszawa Wola
76%
Warszawa Ursus
74%
Warszawa Bemowo
73%
Warszawa Bielany
71%
Warszawa Żoliborz
71%
Warszawa Białołęka
68%
Warszawa Ochota
68%
Warszawa Targowek
68%
Warszawa Wawer
67%
Warszawa Rembertów
56%
Warszawa Wesoła
54%
Nie znaleziono quizów pasujących do podanych kryteriów
Rozkład punktacji
Procent ludzi z każdym wynikiem
Percentyl według liczby udzielonych odpowiedzi
Twoja historia wyników
Nie rozwiązałeś tego quizu